Statistics for ๐Ÿ’ฏ Most given Baby Girl ๐Ÿ‘ง names in the USA ๐Ÿ‡บ๐Ÿ‡ธ in 2005

Click here to take the quiz!

General Stats

  • This quiz has been taken 155 times
  • The average score is 61 of 100

Answer Stats

OrderName% Correct
#75Sara
92%
#2Emma
91%
#11Elizabeth
90%
#1Emily
87%
#89Isabel
87%
#5Olivia
87%
#22Anna
86%
#72Mary
86%
#7Hannah
84%
#23Ella
83%
#14Grace
82%
#6Isabella
82%
#66Alexa
81%
#9Ava
81%
#27Jessica
81%
#3Madison
81%
#38Rachel
81%
#12Sophia
81%
#31Julia
80%
#46Maria
80%
#19Chloe
77%
#42Jennifer
77%
#39Lily
77%
#8Samantha
77%
#10Ashley
76%
#15Sarah
76%
#4Abigail
74%
#37Alexandra
74%
#13Alexis
73%
#84Amelia
73%
#21Lauren
73%
#81Rebecca
73%
#28Victoria
73%
#17Mia
72%
#56Nicole
72%
#18Natalie
71%
#99Katie
68%
#58Zoe
68%
#71Evelyn
67%
#74Michelle
67%
#83Caroline
66%
#68Leah
66%
#64Stephanie
66%
#24Taylor
66%
#79Amanda
65%
#25Kayla
65%
#41Megan
65%
#49Faith
63%
#95Claire
62%
#55Gabrielle
60%
#29Jasmine
59%
#36Katherine
59%
#63Kimberly
59%
#26Hailey
58%
#97Molly
58%
#67Avery
57%
#70Madeline
57%
#20Brianna
56%
#62Jenna
56%
#80Vanessa
56%
#73Maya
55%
#92Melanie
55%
#16Alyssa
54%
#82Ariana
54%
#77Audrey
54%
#54Riley
54%
#61Gabriella
53%
#57Kylie
53%
#45Allison
52%
#60Paige
51%
#65Andrea
50%
#86Jordan
50%
#50Lillian
50%
#47Brooke
49%
#100Diana
49%
#33Morgan
49%
#78Brooklyn
48%
#40Kaylee
47%
#35Savannah
47%
#94Gracie
45%
#43Angelina
44%
#96Isabelle
44%
#34Kaitlyn
42%
#51Mackenzie
42%
#52Sofia
42%
#53Haley
40%
#90Autumn
39%
#87Jocelyn
37%
#59Katelyn
36%
#32Destiny
35%
#30Sydney
35%
#76Jada
34%
#88Arianna
33%
#44Makayla
31%
#85Mariah
29%
#69Nevaeh
29%
#93Aaliyah
27%
#48Trinity
25%
#91Marissa
24%
#98Mya
15%

Score Distribution

Percentile by Number Answered

Percent of People with Each Score

Your Score History

You have not taken this quiz